Statystyki dla Które państwo ma najdłużej urzędującego przewódce

Kliknij tutaj aby rozwiązać quiz!

Ogólne statystyki

  • Ten quiz został rozwiązany 34 razy
  • Średni wynik to 8 z 15

Statystyki odpowiedzi

L.p.Od kiedy panujeOsobaKraj% Poprawnych
14.1994Alaksandr ŁukaszenkaBiałoruś
91%
3.1973Karol XVI GustawSzwecja
78%
2.1972Małgorzata IIDania
72%
11.1990Harald VNorwegia
69%
6.1981Ali ChameneiIran
66%
10.1986Mswati IIIEswatini
59%
15.1996Letsie IIILesotho
56%
1.1967Hassanal BolkiahBrunei
47%
7.1984Jan Adam IILiechtenstein
47%
8.1985Hun SenKambodża
44%
4.1975Paul BiyaKamerun
38%
5.1979Teodoro Obiang Nguema MbasogoGwinea Równikowa
25%
9.1986Yoweri MuseveniUganda
25%
12.1991Isajas AfewerkiErytrea
19%
13.1992Emomali RahmonTadżykistan
16%

Rozkład punktacji

Percentyl według liczby udzielonych odpowiedzi

Procent ludzi z każdym wynikiem

Twoja historia wyników

Nie rozwiązałeś tego quizu